The dead detective in the corpse that sang / (Record no. 797758)

MARC details
000 -LEADER
fixed length control field 00759nam a22002417b 4500
003 - CONTROL NUMBER IDENTIFIER
control field 3228
005 - DATE AND TIME OF LATEST TRANSACTION
control field 20260505130559.0
008 - FIXED-LENGTH DATA ELEMENTS--GENERAL INFORMATION
fixed length control field 260505b sa ||||j |||| 00| 1 eng d
020 ## - INTERNATIONAL STANDARD BOOK NUMBER
International Standard Book Number 9781904684039 (paperback)
040 ## - CATALOGING SOURCE
Original cataloging agency MPL
Language of cataloging eng
Transcribing agency 3228
Description conventions Resource Description and Access
041 ## - LANGUAGE CODE
Language code of text/sound track or separate title English
082 #0 - DEWEY DECIMAL CLASSIFICATION NUMBER
Classification number ETF BOGA
100 ## - MAIN ENTRY--PERSONAL NAME
9 (RLIN) 131396
Personal name Bogarte, Felix
Relator term author
245 ## - TITLE STATEMENT
Title The dead detective in the corpse that sang /
Statement of responsibility, etc. by Felix Bogarte
260 ## - PUBLICATION, DISTRIBUTION, ETC.
Place of publication, distribution, etc. Glasgow :
Name of publisher, distributor, etc. Books Noir ,
Date of publication, distribution, etc. ©2003,
-- 2003.
300 ## - PHYSICAL DESCRIPTION
Extent 91 pages ; 5 unnumbered pages :
Dimensions 20 cm
490 ## - SERIES STATEMENT
Series statement The Dead Detective
655 #0 - INDEX TERM--GENRE/FORM
9 (RLIN) 188476
Genre/form data or focus term Youth Fiction
655 #0 - INDEX TERM--GENRE/FORM
9 (RLIN) 172264
Genre/form data or focus term Detective and mystery fiction
655 #0 - INDEX TERM--GENRE/FORM
9 (RLIN) 198759
Genre/form data or focus term Ghost Stories Fiction
655 #0 - INDEX TERM--GENRE/FORM
9 (RLIN) 188653
Genre/form data or focus term Suspence Fiction
942 ## - ADDED ENTRY ELEMENTS
Source of classification or shelving scheme Dewey Decimal Classification
item type Books
-- 296
-- Phillipina Naude
-- 296
-- Phillipina Naude
Holdings
Withdrawn status Lost status Source of classification or shelving scheme Damaged status Not for loan Collection code Home library Current library Shelving location Date acquired Total Checkouts Full call number Barcode Date last seen Price effective from item type Public note
    Dewey Decimal Classification     Fiction Klipfontein PL (MMID-PLEM-KLIP) Klipfontein PL (MMID-PLEM-KLIP) Children's Area 05.05.2026   ETF BOGA 33228013479983 05.05.2026 05.05.2026 Books 0940091407